The 8051 Microcontroller (Record no. 32297)

000 -LEADER
fixed length control field 00444nam a22001817a 4500
003 - CONTROL NUMBER IDENTIFIER
control field NUST
020 ## - INTERNATIONAL STANDARD BOOK NUMBER
International Standard Book Number 978-81-317-20189
038 ## - RECORD CONTENT LICENSOR
Staff Name khadija
082 ## - DEWEY DECIMAL CLASSIFICATION NUMBER
Classification number 004.165
Author Mark MAC
100 ## - MAIN ENTRY--PERSONAL NAME
Personal name MacKenzie, Scott .I
9 (RLIN) 81554
245 ## - TITLE STATEMENT
Title The 8051 Microcontroller
Statement of responsibility, etc. I. Scott, MacKenzie
250 ## - EDITION STATEMENT
Edition statement 4th ed.
260 ## - PUBLICATION, DISTRIBUTION, ETC.
Place of publication, distribution, etc. New Dehli:
Name of publisher, distributor, etc. Pearson Education;
Date of publication, distribution, etc. 2009.
300 ## - PHYSICAL DESCRIPTION
Extent 551 p. ;
500 ## - GENERAL NOTE
General note paperback.
563 ## - BINDING INFORMATION
Binding note paper back
942 ## - ADDED ENTRY ELEMENTS (KOHA)
Koha item type Book
Source of classification or shelving scheme
Holdings
Withdrawn status Lost status Source of classification or shelving scheme Damaged status Not for loan Permanent Location Current Location Shelving location Date acquired Total Checkouts Total Renewals Full call number Barcode Date last seen Date last checked out Price effective from Koha item type Public note
          School of Mechanical & Manufacturing Engineering (SMME) School of Mechanical & Manufacturing Engineering (SMME) General Stacks 08/05/2015 1 3 004.165 MAC SMME-1072 06/10/2022 02/03/2022 08/05/2015 Book Rack,50-Shelf,3
© 2023 Central Library, National University of Sciences and Technology. All Rights Reserved.